Diagnóstico del plantel de RECOPE en Moín para el almacenamiento de gas natural licuado
Đã lưu trong:
| Tác giả chính: | |
|---|---|
| Định dạng: | Sách |
| Được phát hành: |
San José, Costa Rica
2011
|
| Những chủ đề: | |
| Các nhãn: |
Thêm thẻ
Không có thẻ, Là người đầu tiên thẻ bản ghi này!
|
MARC
| LEADER | 00000nam a2200000Ia 4500 | ||
|---|---|---|---|
| 003 | 010550 | ||
| 005 | 20221231144027.0 | ||
| 008 | 140114s2011 cr a 000 | s d | ||
| 040 | |c cru CEDI | ||
| 090 | |a TFG 6388 | ||
| 100 | |a Ching Vindas, Diego |9 2491 | ||
| 245 | |a Diagnóstico del plantel de RECOPE en Moín para el almacenamiento de gas natural licuado | ||
| 260 | |c 2011 |b San José, Costa Rica | ||
| 500 | |a Proyecto de graduación (licenciatura en ingeniería química)--Universidad de Costa Rica. Facultad de Ingeniería. Escuela de Ingeniería Química | ||
| 650 | |x GAS LICUADO DE PETROLEO |x ALMACENAMIENTO |x MEDIDAS DE SEGURIDAD |x TANQUES DE ALMACENAMIENTO DE CRUDOS |x REFINADORA COSTARRICENSE DE PETROLEO. PLANTEL DE MOIN |x DIAGNOSTICO |9 2492 | ||
| 942 | |c TFG | ||
| 999 | |c 15803 |d 15803 | ||
